Passaportes por fotografia #2 - Statistics

Estatísticas Gerais
  • Esse quiz foi jogado 43 vezes
  • A pontuação média é 7 de 15
Estatísticas das Respostas
Imagem Resposta % Correto
Austrália
92%
Turquia
92%
Líbano
84%
México
65%
Portugal
51%
Argentina
46%
Marrocos
35%
Países Baixos
35%
Alemanha
24%
Irlanda
24%
Quênia
24%
Singapura
24%
Taiwan
24%
Tailândia
22%
Cuba
8%
Nenhum quiz correspondente encontrado
Distribuição das Pontuações
Porcentagem de Pessoas com Cada Pontuação
Percentil de Números Respondidos
Sua Pontuação Histórica
Você não jogou esse quiz